Médecin ou pas ? (mort subite) - Statistiques

Statistiques générales
  • Ce quiz a été pris 349 fois
  • Le résultat moyen est 3 sur 10
Answers on the Grid
Answers color-coded by a green-red scale on the quiz's grid according to % correct below.
Sidologue
Galactologue
Phtisiologue
Biérologue
Hypnologue
Alcoologue
Collapsologue
Sénologue
Addictologue
Bouledogue
Mastologue
Hétérologue
Algologue
Proctologue
Malacologue
Papyrologue
Myrmécologue
Médiologue
Polémologue
Relaxologue
 
Statistiques - réponses
Réponse % Correct
Addictologue
80%
Proctologue
62%
Hypnologue
35%
Alcoologue
27%
Sénologue
27%
Galactologue
19%
Mastologue
19%
Sidologue
19%
Phtisiologue
18%
Algologue
17%
Aucun quiz correspondant
Distribution des résultats
% des personnes avec chaque résultat
Percentile par nombre de réponses
Votre historique - résultats
Vous n’avez pas pris ce quiz